Statistics for 1M City Names Created by Only 4 Letters on the World Map

Click here to take the quiz!

General Stats

  • This quiz has been taken 154 times
  • The average score is 42 of 88

Answers on the Map

Answers color-coded by a green-red scale on the quiz's map according to % correct below.
Loading ...
 

Answer Stats

City% Correct
London
95%
Lima
95%
Rome
94%
Kiev
90%
Tokyo
90%
Dallas
89%
Oslo
88%
Toronto
87%
Havana
87%
Ankara
87%
Miami
86%
Doha
85%
Dhaka
83%
Atlanta
83%
Porto
82%
Osaka
81%
Lyon
81%
Warsaw
80%
Caracas
78%
Leeds
77%
La Paz
77%
Dakar
76%
Accra
75%
Tampa
75%
Xi'an
75%
Ottawa
72%
Sana'a
71%
Rabat
71%
Harare
70%
Amman
68%
Baku
66%
Abuja
65%
Lomé
64%
Izmir
64%
Mecca
62%
Cali
57%
Fez
57%
Agra
55%
Málaga
55%
Belém
53%
Manama
52%
Kano
51%
Cebu
50%
Pune
45%
Oran
44%
Gaza
43%
Ufa
42%
Omsk
42%
Lille
41%
Perm
37%
Basra
35%
Natal
31%
Dammam
31%
Kazan
29%
Wuxi
28%
Samara
28%
Qom
28%
Naha
27%
Davao
26%
Sousse
26%
Hefei
26%
León
25%
Adana
24%
Zibo
22%
Aba
21%
Jinan
20%
Cixi
20%
Patna
20%
Fuji
19%
Nanning
19%
Jilin
19%
Kirkuk
18%
Anshan
16%
Tainan
16%
Wuhu
14%
Xining
11%
Ahvaz
11%
Kotā
11%
Handan
11%
Tai'an
9%
Linyi
9%
Yiwu
9%
Nanyang
8%
Batam
8%
Anyang
8%
Jining
7%
Zhuzhou
7%
Cangnan
7%

Score Distribution

Percentile by Number Answered

Percent of People with Each Score

Your Score History

You have not taken this quiz